000 00522nam a22001817a 4500
999 _c6026
_d6026
003 GBCCL
005 20241126110554.0
008 180420b ||||| |||| 00| 0 eng d
020 _a0802426042
040 _cgbc
082 _a658.151
_bBUR
100 _aBurkett, Larry
_95321
245 _aFinancial Freedom:
_bIncludes debt and bankruptcy /
_cLarry Burkett
260 _aChicago:
_bMoody Press,
_c1991
300 _a77 p.;
_c20 cm.
650 _aFinance, Personal
_vReligious aspects
_xChristianity
_910869
942 _2ddc
_cBK